Sports Quiz

Random Sports or Nation Quiz

Nations with the Most Argentine Footballers Quiz Stats

Quiz not verified by Sporcle

Challenge
Share
Tweet
Embed
Score 0/14 Timer 04:00
0 Plays Today
# of players Nation % Correct
26Spain
98.6%
48Italy
97%
18Brazil
96.4%
88Chile
93.7%
13England/Wales
93.4%
35Mexico
91.5%
17Uruguay
91.3%
# of players Nation % Correct
16United States/Canada
91%
10France/Monaco
89.3%
15Colombia
89.3%
29Peru
81.7%
28Ecuador
71%
30Greece
53.8%
12Cyprus
19.9%

You're not logged in!

Compare scores with friends on all Sporcle quizzes.
Join for Free
OR
Log In

You Might Also Like...

Show Comments

Extras

Top Quizzes Today


Score Distribution

Your Account Isn't Verified!

In order to create a playlist on Sporcle, you need to verify the email address you used during registration. Go to your Sporcle Settings to finish the process.

Report this User

Report this user for behavior that violates our Community Guidelines.

Details: